000 00649nam a22001937a 4500
005 20251108172742.0
008 250721s2003 xx 000 0 ara d
082 1 4 _a269.21/حور
100 1 _aالحوراني، ياسر عبد الكريم
_eمؤلف
245 1 0 _aالفكر الإقتصادي عند الإمام الغزالي /
264 1 _aعمان :
_bدار مجدلاوي،
_c2003.
300 _a450ص
650 1 7 _aالفقه الإسلامي
650 1 7 _aالإقتصاد الإسلامي
650 1 7 _aالفلسفة الإسلامية
650 1 7 _aالمذاهب الإقتصادية
942 _2ddc
_cBK
999 _c87599
_d87599